Previdn̊cia dos Servidores Pb︢licos

Bibliographic Details
Main Author: Freitas de Oliveira, Raul Miguel
Format: Book
Language:Portuguese
Published: Brasil JH Mizuno 2013
Subjects:
Online Access:Acceso restringido

MARC

LEADER 00000nam a22000007a 4500
005 20160419162846.0
007 cr|||| ||u|
008 160419s2013 bl ||||| |||| 00||0 por d
020 |a 978-85-7789-142-9 
035 |a 14126 
040 |a vLex  
090 |c 6025  |d 6025 
100 1 |a Freitas de Oliveira, Raul Miguel 
245 1 0 |a Previdn̊cia dos Servidores Pb︢licos  |h [Recurso electrn̤ico] /  |c Freitas de Oliveira, Raul Miguel 
256 |a Servicio en ln̕ea  
260 |a Brasil  |b JH Mizuno  |c 2013 
300 |a 1 recurso electrn̤ico  
500 |a  Esta obra apresenta uma anl̀ise aprofundada da Previdn̊cia Social dos servidores pb︢licos, com n̊fase ao regime prp̤rio e ao recents̕simo regime de previdn̊cia complementar institud̕o, at ̌o momento, no ḿbito da Uniô Federal, pela Lei Federal n ð 12.618, de 30.04.2012, e no Estado de Sô Paulo, pela Lei nð 14.653, de 22.12.2011. Partindo da abordagem de assuntos pouco debatidos na doutrina jurd̕ica, tal como o princp̕io do equilb̕rio financeiro e atuarial, a obra desvenda conceitos como o de custo e custeio previdencir̀ios, modelos cls̀sicos de financiamento, entre outros, indispensv̀eis ̉compreensô das peculiaridades da previdn̊cia dos servidores pb︢licos. Outro aspecto de grande valia reside no panorama do regime prp̤rio e da previdn̊cia complementar dos agentes pb︢licos, constituindo rico material para quem se prope̳ ̉pesquisa do tema, quer sejam estudantes ou profissionais de carreiras jurd̕icas, tais como Advogados, Procuradores federais, estaduais e municipais, alm̌ de membros do Poder Judicir̀io e do Ministřio Pb︢lico. 
506 1 |a Contenido solo disponible en los productos indicados  |d vLex Global  |d vLex Global (Academic Edition, excluding Law Schools)  |d vLex Global (U.S. Academic Edition, Law Schools)  |d vLex Global (U.S. Academic Edition, excluding Law Schools)  |d vLex Global (Academic Edition, Law Schools) 
650 0 4 |a Derecho  |z Brasil 
740 0 |a vLex libros (servicio en ln̕ea)  
856 4 0 |u http://vlex.com/source/previd-ncia-dos-servidores-publicos-14126  |z Acceso restringido  
942 |c BOOK 
999 0 |a Law  |b Brasil